Siete lecciones aprendidas para una inversión social exitosa en el sector de hidrocarburos (Registro nro. 20854)
[ vista simple ]
| 000 -CABECERA | |
|---|---|
| Campo de control | 01248nam a22002657a 4500 |
| 005 - FECHA Y HORA DE LA ULTIMA TRANSACCION | |
| Campo de control | 20200212144137.0 |
| 008 - ELEMENTOS DE LONGITUD FIJA—INFORMACION GENERAL | |
| Campo de control | 200212b xxu||||| |||| 00| 0 spa d |
| 020 ## - ISBN | |
| ISBN | 9789588863191 |
| 040 ## - FUENTE DE CATALOGACIÓN | |
| Agencia catalogadora original | CO-BoIAVH |
| Agencia transcriptora | CO-BoIAVH |
| 041 ## - IDIOMA | |
| Código de idioma para texto/pista de sonido o título separado | Español |
| 044 ## - PAÍS DE PUBLICACIÓN | |
| País de publicación | Colombia |
| 082 ## - NUMERO DE CLASIFICACION DECIMAL DEWEY | |
| Número de clasificación | 333.7071 |
| Número del ítem | A26s |
| 110 ## - ASIENTO PRINCIPAL--NOMBRE CORPORATIVO | |
| 9 (RLIN) | 87395 |
| Nombre corporativo o de jurisdicción como elemento de entrada | ANH, Agencia Nacional de Hidrocarburos |
| 245 ## - MENCION DE TITULO | |
| Título | Siete lecciones aprendidas para una inversión social exitosa en el sector de hidrocarburos |
| Mención de responsabilidad | Agencia Nacional de Hidrocarburos-ANH y Programa de las Naciones Unidas para el Desarrollo-PNUD |
| 260 ## - PUBLICACION, DISTRIBUCION, ETC. (PIE DE IMPRENTA) | |
| Lugar de publicación, distribución, etc. | Colombia: |
| Nombre del editor, distribuidor, etc. | Ministerio de minas y energía, |
| Fecha de publicación, distribución, etc. | 2014. |
| 300 ## - DESCRIPCION FISICA | |
| Extensión | 82 páginas, |
| Otros detalles físicos | Fotografías a color, |
| Dimensiones | 22.5 x 22.4 cm |
| 500 ## - NOTA GENERAL | |
| Nota general | Proyecto: Fortalecimiento de las capacidades institucionales de la Agencia Nacional de Hidrocarburos para la planificación, seguimiento y evaluación de los PBC implementados por el sector de hidrocarburos. |
| 504 ## - NOTA DE BIBLIOGRAFIA, ETC. | |
| Nota de bibliografía | Referencias bibliográficas (página 82) |
| 650 #0 - ASIENTO SECUNDARIO DE MATERIA - TERMINO TEMATICO | |
| 9 (RLIN) | 786 |
| Término temático o nombre geográfico como elemento de entrada | Hidrocarburos |
| Subdivisión general | Manejo. |
| 650 #0 - ASIENTO SECUNDARIO DE MATERIA - TERMINO TEMATICO | |
| 9 (RLIN) | 102696 |
| Término temático o nombre geográfico como elemento de entrada | Compromiso social |
| 650 #0 - ASIENTO SECUNDARIO DE MATERIA - TERMINO TEMATICO | |
| 9 (RLIN) | 6448 |
| Término temático o nombre geográfico como elemento de entrada | Educación ambiental |
| 650 #0 - ASIENTO SECUNDARIO DE MATERIA - TERMINO TEMATICO | |
| 9 (RLIN) | 57028 |
| Término temático o nombre geográfico como elemento de entrada | Conservación y protección |
| 710 ## - ASIENTO SECUNDARIO - NOMBRE CORPORATIVO | |
| 9 (RLIN) | 33922 |
| Nombre corporativo o de jurisdicción como elemento de entrada | Programa de las Naciones Unidas para el Desarrollo (PNUD) |
| 942 ## - ELEMENTOS ADICIONALES (KOHA) | |
| Sistema de clasificación | Dewey Decimal Classification |
| Tipo de ítem | Libro |
| Withdrawn status | Lost status | Sistema de Clasificación | Damaged status | No para préstamo | Colección | Ubicación Permanente | Ubicación actual | Fecha de adquisición | Total Checkouts | Número topográfico | Inventario / Código de Barras | Date last seen | Ejemplar | Price effective from | Forma de adquisición | Tipo de material |
|---|---|---|---|---|---|---|---|---|---|---|---|---|---|---|---|---|
| Dewey Decimal Classification | General | Bogotá | Bogotá | 12/02/2020 | LB-333.7071 A26s | 044105 | 12/02/2020 | Ej. 1 | 12/02/2020 | Donación | Libro |